000 00276nam a22001217a 4500
020 _a0-7214-2043-5
082 _a823
_bJEA
100 _aADAMSON, GARETH
245 _aOLD SHOES, NEW SHOES
_bTOPSY+TIM
260 _aUK
_bLADYBIRD
650 _aENGLISH SHORT STORY
_zUK
942 _cBK
999 _c4117
_d4117